| 000 | 00444nam a2200157 4500 | ||
|---|---|---|---|
| 001 | 5384 | ||
| 005 | 20181127175425.0 | ||
| 020 | 0 | 0 | _a9789993678120 |
| 090 | 0 | 0 | _a895.1 T313k 2012 |
| 100 | 0 | 0 | _aTenzin, Kuenga. |
| 245 | 0 | 0 |
_aKuenden, the valiant son : _ba tale from central Bhutan / _cKuenga Tenzin. _h |
| 260 | 0 | 0 |
_aThimphu : _bDSB enterprises Pvt. Limited, _c2012. |
| 300 | 0 | 0 | _a95 p. ; 25 cm. |
| 500 | 0 | 0 | _aIn English. |
| 650 | 0 | 0 |
_aBhutan --fiction. _x |
| 999 |
_c4520 _d4520 |
||